[Event "BOL-ch U16"]
[Site "Cochabamba"]
[Date "2023.01.14"]
[Round "4"]
[White "Velez Mendoza, Gabriel Ignacio"]
[Black "Villazon Zeballos, Manuel"]
[Result "1-0"]
[WhiteElo "1426"]
[BlackElo "1353"]
[PlyCount "92"]
[EventDate "2023.01.13"]
[EventType "swiss"]
[EventRounds "7"]
[EventCountry "BOL"]
[SourceTitle "EXT 2024"]
[Source "ChessBase"]
[SourceDate "2023.10.10"]
[SourceVersion "1"]
[SourceVersionDate "2023.10.10"]
[SourceQuality "1"]

1. Nf3 g6 2. d4 Nf6 3. g3 Bg7 4. Bg2 d6 5. 0-0 0-0 6. c4 Re8 7. Re1 c6 8. Nc3 Bg4 9. h3 Bxf3 10. exf3 Na6 11. Be3 Nc7 12. Qd2 d5 13. c5 Nd7 14. Bh6 Bxh6 15. Qxh6 e5 16. dxe5 Nxe5 17. Rad1 Qf6 18. Qe3 Nd7 19. Qc1 Nxc5 20. Nxd5 Nxd5 21. Qxc5 Qxb2 22. a3 Qb6 23. Qc4 Qa5 24. Re4 Qxa3 25. Rb1 Re7 26. Rb3 Qa1+ 27. Kh2 Qf6 28. Rxe7 Qxe7 29. f4 Nb6 30. Qc1 Rd8 31. Re3 Qd6 32. Re4 Qd2 33. Qc5 Qd6 34. Qc1 Nd5 35. f5 Nf6 36. Ra4 a6 37. Qg5 Kg7 38. Rh4 h5 39. Bf3 Qd2 40. Rf4 Qxf2+ 41. Bg2 Qb2 42. fxg6 fxg6 43. g4 hxg4 44. Qc5 Nd5 45. Rxg4 Qe5+ 46. Kh1 Ne3 1-0

[Event "Pan American-ch U14"]
[Site "Montevideo"]
[Date "2022.06.27"]
[Round "3"]
[White "Handstok, Matias"]
[Black "Velez Mendoza, Gabriel Ignacio"]
[Result "1-0"]
[WhiteElo "1912"]
[BlackElo "1147"]
[PlyCount "67"]
[EventDate "2022.06.26"]
[EventType "swiss"]
[EventRounds "9"]
[EventCountry "URU"]
[SourceTitle "EXT 2023"]
[Source "ChessBase"]
[SourceDate "2022.10.05"]
[SourceVersion "1"]
[SourceVersionDate "2022.10.05"]
[SourceQuality "1"]

1. d4 d5 2. c4 e6 3. Nf3 Nf6 4. Nc3 c5 5. e3 Bd6 6. Bd3 cxd4 7. exd4 0-0 8. 0-0 Nc6 9. Bg5 Be7 10. a3 h6 11. Bh4 Re8 12. Re1 Bd6 13. cxd5 exd5 14. Rxe8+ Qxe8 15. Bxf6 gxf6 16. Nxd5 Qe6 17. Bc4 b5 18. Ba2 Qf5 19. Qd2 Qh5 20. Nxf6+ Kg7 21. Nxh5+ Kh7 22. Nf6+ Kg6 23. Nh4+ Kxf6 24. Qxh6+ Ke7 25. Re1+ Kd7 26. Nf5 Bf8 27. Qxf8 Kc7 28. Re7+ Kb6 29. Rxf7 Rb8 30. Qc5+ Ka5 31. Rxa7+ Nxa7 32. Qxa7+ Ba6 33. b4+ Ka4 34. Qxa6# 1-0